Head in the Answers - Statistics

General Stats
  • This quiz has been taken 45,161 times
    25,104 since last reset
  • The average score is 14 of 20
Answer Stats
Clue Answer % Correct
Migraine, e.g. Headache
94%
Car part that is useful at night Headlights
94%
Title of a newspaper story Headline
92%
Can be spread by children sharing hats Head lice
89%
Brand of dandruff shampoo Head & shoulders
88%
Method of diving in Head first
86%
Dumbledore's job at Hogwarts Headmaster
86%
Photo attached to an actor's resume Head shot
86%
Toy with removable lips, eyes, etc... Mr. Potato Head
85%
Like the horseman who haunted Sleepy Hollow Headless
82%
What I would need to beat Usain Bolt Head start
81%
Corporate recruiter or savage trophy seeker Headhunter
74%
Item found in a bed in "The Godfather" Horse head
69%
Common wrestling move Headlock
66%
Band led by Thom Yorke Radiohead
66%
Slang for psychologist Head shrink
56%
Car part that can get "blown" Head gasket
51%
Television pundit Talking head
43%
Slang for a U.S. Marine Jarhead
37%
Ayn Rand novel The Fountainhead
23%
No matching quizzes found
Score Distribution
Percent of People with Each Score
Percentile by Number Answered
Your Score History
You have not taken this quiz since the last reset